| 000 | 00817nam a2200289Ia 4500 | ||
|---|---|---|---|
| 001 | Z_1571 | ||
| 003 | CHAP | ||
| 008 | 220113s1989 xx 000 0 und d | ||
| 010 | _a164659 | ||
| 040 | _cCHAP | ||
| 090 | _aFolleto 153 (1989) | ||
| 100 |
_aUACH. Departamento de Campo Experimental _9138711 |
||
| 245 |
_aResúmenes: sexta presentación de trabajos de investigación agrícola en el Campo Experimental / _cpor UACH. Departamento de Campo Experimental |
||
| 260 |
_aChapingo, Méx : _bLa Universidad, _c1989 |
||
| 300 | _a42 h | ||
| 440 | _a | ||
| 500 | _a | ||
| 503 | _a | ||
| 650 |
_aAgricultura _xInvestigación _91577 |
||
| 650 |
_aUniversidades _xInvestigación _9116636 |
||
| 901 | _aFolleto 153 (1989) | ||
| 902 | _aA | ||
| 910 | _a1989 | ||
| 942 | _cc14 | ||
| 942 | _cc14 | ||
| 999 |
_c164659 _d164659 |
||